00296nam a2200109Ia 4500008004000000020001800040082001700058100002900075245003500104260003900139300000800178210210b2004 xxu||||| |||| 00| 0 eng d a0 19 566316 0 a824.008 THAS aTHAKER (P K) and Others. aSelections from english prose. aNDbOxford University Pressc2004 a106